000
00296nam a22001217a 4500
008
180209b xxu||||| |||| 00| 0 eng d
041
_a
eng
080
_a
159.9
100
_a
48
101
_a
psi
245
_a
late adulthood perspectives on hman development
_c
richard.a.k
942
_2
udc
_c
BK
999
_c
42270
_d
42270